MDQL
is popping MORE tags! Check the
thread
!
Quizzes
Events
Quiz Creation
Community
Videos
Private Events
Remove Ads
Sign In
Join for FREE
Feedback
Dark Mode
Quiz Categories
Sports
Geography
Music
Movies
Television
Just For Fun
Miscellaneous
History
Literature
Language
Science
Gaming
Entertainment
Religion
Holiday
For Kids
Quiz Lab
Recent
Popular Today
Quiz Kudos Today
Editor Picks
Curator Picks
Quizzes by...
Day
Popularity
Type
Ratings
Length
Year
Community
Subscriptions
Recent Discussions
Orange Saloon
Badges
Playlists
Quests
Create
Leaderboards
Showdown
Live 5
Trivia Bingo
Activity
Puzzle Library
Sporcle Events
Private Events
Virtual Trivia
Globe League
Become a Host
Pub Owners
SporcleCon
Opinionation
Our Games
Videos
Blog
Mobile Apps
Partnerships
Remove Ads and Go Orange
Feedback
Geography
Country
Landmarks
City
State
Population
World
Capital
Continent
Flags
Europe
Africa
Asia
South America
North America
Oceania
Border
Canada
United Kingdom
Topography
United States
Geography
Country
Landmarks
City
State
Population
World
Capital
Continent
Flags
Europe
Africa
Asia
South America
North America
Oceania
Border
Canada
United Kingdom
Topography
United States
Random Quiz
Search Sporcle
×
Quiz Lab
Quiz Lab
Geography
Population
Type in answers that appear in a list
Type in answers that appear in a list
Classic
Best Score? Go Orange.
Countries' populations to the nearest million Stats
Can you name the Countries' populations to the nearest million?
By
likesgeography
20m
196 Questions
67 Plays
67 Plays
67 Plays
Comments
Comments
Give Quiz Kudos
Give Quiz Kudos
-
- Ratings
hide this ad
More Info
Forced Order
Answers have to be entered in order
Answers have to be entered in order
Replay
Link that replays current quiz
Next Quiz
Link to next quiz in quiz playlist
You Got
0%
They Got
Avg Score
71%
Avg Friend Score
Upgrade to see
Score Distribution
Jump to the score distribution portion of the page
Score
0/196
Timer
20:00
0
Plays Today
Country
Population
% Correct
Albania
2.994.667
95.5%
Andorra
84.825
94%
Antigua and Barbuda
87.884
91%
Bahrain
1.214.705
91%
Barbados
286.705
91%
Belgium
10.431.477
91%
Bosnia and Herzegovina
4.622.163
91%
Armenia
2.967.975
89.6%
Austria
8.217.280
89.6%
Belize
321.115
89.6%
Bhutan
708.427
89.6%
Brunei
401.890
89.6%
The Bahamas
313.312
88.1%
Botswana
2.065.398
88.1%
Bulgaria
7.093.635
88.1%
Azerbaijan
8.372.373
86.6%
Cape Verde
516.100
85.1%
Benin
9.325.032
83.6%
Burundi
10.216.190
83.6%
Comoros
794.683
83.6%
Belarus
9.577.552
82.1%
Croatia
4.483.804
82.1%
Cyprus
1.120.489
82.1%
Dominica
72.969
82.1%
Iceland
311.058
82.1%
Australia
21.766.711
80.6%
Costa Rica
4.576.562
80.6%
Djibouti
757.074
80.6%
Estonia
1.282.963
80.6%
Fiji
883.125
80.6%
Hungary
9.976.062
80.6%
Latvia
2.204.708
80.6%
Lesotho
1.924.886
80.6%
Liechtenstein
35.236
80.6%
Lithuania
3.535.547
80.6%
Luxembourg
503.302
80.6%
Macedonia
2.077.328
80.6%
Mauritius
1.303.717
80.6%
Algeria
34.994.937
79.1%
Bolivia
10.118.683
79.1%
Burkina Faso
16.751.455
79.1%
Finland
5.259.250
79.1%
Gabon
1.576.665
79.1%
The Gambia
1.797.860
79.1%
Georgia
4.585.874
79.1%
Grenada
108.419
79.1%
Guinea-
Bissau
1.596.677
79.1%
Guyana
744.768
79.1%
Honduras
8.143.564
79.1%
Ireland
4.670.976
79.1%
Kiribati
100.743
79.1%
Kosovo
1.825.632
79.1%
Kuwait
2.595.628
79.1%
Maldives
394.999
79.1%
Malta
408.333
79.1%
Marshall Islands
67.182
79.1%
Micronesia
106.836
79.1%
Monaco
30.539
79.1%
Montenegro
661.807
79.1%
Nauru
9.322
79.1%
Saint Kitts and Nevis
50.314
79.1%
Saint Lucia
161.557
79.1%
Saint Vincent and the Grenadines
103.869
79.1%
Samoa
193.161
79.1%
San Marino
31.817
79.1%
São Tomé and Príncipe
179.506
79.1%
Country
Population
% Correct
Chad
10.758.945
77.6%
Czech Republic
10.190.213
77.6%
Denmark
5.529.888
77.6%
Dominican Republic
9.956.648
77.6%
El Salvador
6.071.774
77.6%
Jamaica
2.868.380
77.6%
Kyrgyzstan
5.587.443
77.6%
Lebanon
4.143.101
77.6%
Mauritania
3.281.634
77.6%
Moldova
4.314.377
77.6%
Palau
20.956
77.6%
Qatar
848.016
77.6%
Seychelles
89.188
77.6%
Solomon Islands
571.890
77.6%
Vanuatu
224.564
77.6%
Central African Republic
4.950.027
76.1%
Cuba
11.087.330
76.1%
Equatorial Guinea
668.225
76.1%
Eritrea
5.939.484
76.1%
Greece
10.760.136
76.1%
Guatemala
13.824.463
76.1%
Haiti
9.719.932
76.1%
Mongolia
3.133.318
76.1%
Norway
4.691.849
76.1%
Slovenia
2.000.092
76.1%
Suriname
491.989
76.1%
Timor-
Leste
1.177.834
76.1%
Trinidad and Tobago
1.227.505
76.1%
Tuvalu
10.544
76.1%
Vatican City
832
76.1%
Argentina
41.769.726
74.6%
Israel
7.473.052
74.6%
Jordan
6.508.271
74.6%
Liberia
3.786.764
74.6%
Namibia
2.147.585
74.6%
New Zealand
4.290.347
74.6%
Oman
3.027.959
74.6%
Panama
3.460.462
74.6%
Serbia
7.310.555
74.6%
Slovakia
5.477.038
74.6%
Tonga
105.916
74.6%
Afghanistan
29.835.392
73.1%
Angola
13.338.541
73.1%
Canada
34.030.589
73.1%
Ecuador
15.007.343
73.1%
Libya
6.597.960
73.1%
The Netherlands
16.847.007
73.1%
Swaziland
1.370.424
73.1%
Switzerland
7.639.961
73.1%
Chile
16.888.760
71.6%
Portugal
10.760.305
71.6%
Singapore
4.740.737
71.6%
United Arab Emirates
5.148.664
71.6%
Uruguay
3.308.535
71.6%
Germany
81.471.834
70.1%
Mali
14.159.904
70.1%
Nicaragua
5.666.301
70.1%
Papua New Guinea
6.187.591
70.1%
Rwanda
11.370.425
70.1%
Sweden
9.088.728
70.1%
France
65.312.249
68.7%
Guinea
10.601.009
68.7%
Kazakhstan
15.522.373
68.7%
Malawi
15.879.252
68.7%
Paraguay
6.459.058
68.7%
Cambodia
14.701.717
67.2%
Country
Population
% Correct
Laos
6.477.211
67.2%
Sierra Leone
5.363.669
67.2%
South Sudan
8.260.490
67.2%
Tajikistan
7.627.200
67.2%
Turkmenistan
4.997.503
67.2%
Cameroon
19.711.291
65.7%
Côte d'Ivoire
21.504.162
65.7%
Iraq
30.399.572
65.7%
Italy
61.016.804
65.7%
Poland
38.441.588
65.7%
Togo
6.771.993
65.7%
Colombia
44.725.543
64.2%
Ghana
24.791.073
64.2%
Madagascar
21.926.221
64.2%
Mozambique
22.948.858
64.2%
North Korea
24.457.492
64.2%
Romania
21.904.551
64.2%
Somalia
9.925.640
64.2%
Tunisia
10.629.186
64.2%
Iran
77.891.220
62.7%
United Kingdom
62.698.362
62.7%
Morocco
31.968.361
61.2%
Nepal
29.391.883
61.2%
Niger
16.468.886
61.2%
Spain
46.754.784
61.2%
Kenya
41.070.934
59.7%
Republic of the Congo
4.243.929
59.7%
Senegal
12.643.799
59.7%
Uzbekistan
28.128.600
59.7%
Zambia
13.881.336
59.7%
Zimbabwe
12.084.304
59.7%
Bangladesh
158.570.535
58.2%
Sri Lanka
21.283.913
58.2%
Syria
22.517.750
58.2%
Taiwan
23.071.779
58.2%
Yemen
24.133.492
58.2%
Democratic Republic of the Congo
71.712.867
56.7%
Malaysia
28.728.607
56.7%
Uganda
34.612.250
56.7%
Ukraine
45.134.707
56.7%
Ethiopia
90.873.739
55.2%
Peru
29.248.943
55.2%
South Korea
48.754.657
55.2%
Egypt
82.079.636
53.7%
Myanmar
53.999.804
53.7%
Saudi Arabia
26.131.703
53.7%
South Africa
49.004.031
52.2%
Turkey
78.785.548
52.2%
Brazil
203.429.773
50.7%
Tanzania
42.746.620
50.7%
Thailand
66.720.153
50.7%
Vietnam
90.549.390
50.7%
Sudan
45.047.502
49.3%
Venezuela
27.635.743
49.3%
Mexico
113.724.226
46.3%
United States
313.232.044
46.3%
Japan
126.475.664
44.8%
Russia
138.739.892
44.8%
Pakistan
187.342.721
43.3%
Philippines
101.833.938
43.3%
Indonesia
245.613.043
41.8%
Nigeria
155.215.573
41.8%
China
1.336.718.015
34.3%
India
1.189.172.906
32.8%
Quiz Playlist
Details
Report
Send in Message
Add To Playlist
More Info:
Name the population of every country to the nearest million (ex. if the population is 7.123.456, then both '7' or '8' will be accepted).
Classic:
Type in answers that appear in a list
Forced Order:
Answers have to be entered in order
Quiz Source
Last Updated: Feb 16, 2017
Quiz Scoreboard
CHALLENGE
Sign Up to Join the Scoreboard
Show All
Scores
Hide
Comments
May contain spoilers
Recently Published
Street Fighter Characters
by Artimus82
Gaming
60s
9x9 Crossword: Cartoon Network
by jackfrog10
Miscellaneous
3m
College Basketball Coaching Resumes
by pancakes188
Sports
9m
More to Explore
Quiz From the Vault
Featured Blog Post
Where Did the Easter Bunny Come From?
hide this ad
You Might Also Like...
Tags
Continent Quiz
Country Quiz
Population Quiz
million
nearest
Today's Top Quizzes in Geography
Browse Geography
hide this ad
Today's Top Quizzes in Population
Browse Population
Top Contributed Quizzes in Geography
1
Countries of the World - No Outlines Minefield
2
Top 25 Cities of France on a map
3
Any capital of a 'B' country per Continent
4
Any capital of a 'C' country per Continent
5
Closest Countries to UK A-Z
6
Any capital of a 'D' country per Continent
7
5-to-1: US Geography No Hints
8
Any capital of an 'E' country per Continent
9
Find the US States - No Outlines
10
Any capital of an 'F' country per Continent
Explore More
Trending Topics
Disney
Harry Potter
NBA
Crossword
Marvel
Anime
Kpop
Country
Song
Pokémon
The Office
Puzzle
Soccer
NFL
WWE
hide this ad
More By:
likesgeography
Quiz
Plays
Rating
Category
Featured
Created
Unpopulous Neighbors
42,369
4.54
Geography
Apr 14, 2013
100 largest cities in China
13,124
4.79
Geography
Mar 29, 2012
Capitals of India (map)
8,338
3.95
Geography
Feb 21, 2014
Capitals of Brazil (map)
7,381
5.00
Geography
Feb 17, 2014
100 Largest EU Cities
4,444
4.28
Geography
Dec 22, 2013
Go to Creator's Profile
Score Distribution
Quiz Creator Spotlight
likesgeography
Follow
Send a Message
Quizzes Created
-
Created Quiz Play Count
-
More By This Creator
Popular Quizzes Today
1
Find the US States - No Outlines Minefield
2
Find the Countries of Europe - No Outlines Minefield
3
The Countries of the World
4
Find the US States
5
Risky Map Clicking: Biggest States A-Z
6
US States
7
Popular People in 1961
8
Movies - When Are They Set?
More Geography Quizzes
All About... Antigua and Barbuda
Curator's Pick
Trending Quizzes
Risky Map Clicking: Least Populous States A-Z
Countries of the World: 200 Million BC
1-10 Letter G Words
Risky Map Clicking: Next State Alphabetically
Adjectives in 80s TV Shows
Recently Updated
Leaping Animals
pecheneg
Reality TV Shows (A-Z)
bhenderson79
Rickey Henderson's Hall of Fame Teammates
pecheneg
Champions League XIs: Arsenal
pecheneg
Quick Pick: Celebrities in WWE's Hall of Fame
aduchscher
A-Z Keypad Blitz II
pecheneg
Multiple Oscar Actors
pecheneg
Mystery Phrase Blitz: Oscar 'Best Actors'
pecheneg
F. Scott Fitzgerald Novels
LTH
Pick 3 Villains
ddd62291
Trending Topics
Marvel
Disney
Crossword
Anime
NBA
Kpop
Harry Potter
Song
NFL
Country
Pokémon
WWE
Soccer
The Office
Puzzle
Your Account Isn't Verified!
In order to create a playlist on Sporcle, you need to verify the email address you used during registration. Go to your
Sporcle Settings
to finish the process.
Report this User
Report this user for behavior that violates our
Community Guidelines
.
Details:
Send Report
Go to the Sporcle.com Mobile Site →
Comments